Polskie wpisy na listę UNESCO (oraz listę informacyjną) - Statystyki

Ogólne statystyki
  • Ten quiz został rozwiązany 93 razy
  • Średni wynik to 16 z 36
Odpowiedzi na mapie
Odpowiedzi zakodowano w zielono-czerwonej skali na mapie do tego quizu, zgodnie z poniższymi procentami.
 
Statystyki odpowiedzi
rok wpiasania na listę UNESCO albo listę informacyjną pełna nazwa wpisu (+ inne kraje) nazwa objektu lub miejsca (skrót) % Poprawnych
1978 Stare Miasto w Krakowie Kraków
89%
1980 Stare Miasto w Warszawie Warszawa
89%
2006 Hala Stulecia we Wrocławiu Hala Stulecia
87%
1997 Średniowieczny zespół miejski Torunia Toruń
85%
1997 Zamek w Malborku Malbork
81%
1978 Królewskie Kopalnie Soli w Wieliczce i Bochni Wieliczka
79%
1992 Stare Miasto w Zamościu Zamość
76%
[2005] Gdańsk – miasto wolności i pamięci Gdańsk
72%
1979 Auschwitz-Birkenau. Niemiecki nazistowski obóz koncentracyjny i zagłady (1940–1945) Auschwitz
68%
1979 Białowieski Park Narodowy (+ Białoruś) Białowieża
65%
[2019] Modernistyczne śródmieście Gdyni – przykład budowy zintegrowanej społeczności Gdynia
61%
2001 Kościoły Pokoju w Jaworze i Świdnicy Jawor
57%
2001 Kościoły Pokoju w Jaworze i Świdnicy Świdnica
57%
2013 Królewskie Kopalnie Soli w Wieliczce i Bochni Bochnia
55%
1999 Manierystyczny zespół architektoniczno-krajobrazowy oraz park pielgrzymkowy w Kalwarii Zebrzydowskiej Kalwaria Zebrzydowska
52%
2017 Kopalnia rud ołowiu, srebra i cynku wraz z systemem gospodarowania wodami podziemnymi w Tarnowskich Górach Tarnowskie Góry
52%
2004 Park Mużakowski (+ Niemcy) Park Mużakowski
49%
2021 Pradawne i pierwotne lasy bukowe Karpat i innych regionów Europy (+ Albania, Austria, Belgia, Bośnia i Hercegowina, Bułgaria, Chorwacja, Czechy, Francja, Hiszpania, Macedonia Północna, Niemcy, Rumunia, Słowacja, Słowenia, Szwajcaria, Ukraina, Włochy) [Grupa składowa „Bieszczady”] Bieszczady
44%
2003 Drewniane kościoły południowej Małopolski [Kościół św. Michała Archanioła w Dębnie] Dębno
39%
2019 Krzemionkowski region prehistorycznego górnictwa krzemienia pasiastego Krzemionki
31%
2003 Drewniane kościoły południowej Małopolski [Kościół Wniebowzięcia Najświętszej Maryi Panny w Haczowie] Haczów
25%
[2006] Kanał Augustowski Kanał Augustowski
25%
2003 Drewniane kościoły południowej Małopolski [Kościół św. Michała Archanioła w Binarowej] Binarowa
24%
2003 Drewniane kościoły południowej Małopolski [Kościół św. Leonarda w Lipnicy Murowanej] Lipnica Murowana
24%
[2006] Pienińska dolina Dunajca Przełom Dunajca
24%
2003 Drewniane kościoły południowej Małopolski [Kościół Wszystkich Świętych w Bliznem] Blizne
23%
[2019] Młyn papierniczy w Dusznikach-Zdroju Duszniki-Zdrój
23%
2013 Drewniane cerkwie regionu karpackiego (+ Ukraina) [Cerkiew Narodzenia Przenajświętszej Bogurodzicy w Chotyńcu] Chotyniec
21%
2003 Drewniane kościoły południowej Małopolski [Kościół św. Filipa i św. Jakuba w Sękowej] Sękowa
21%
2013 Drewniane cerkwie regionu karpackiego (+ Ukraina) [Cerkiew św. Paraskewy w Kwiatoniu] Kwiatoń
20%
2013 Drewniane cerkwie regionu karpackiego (+ Ukraina) [Cerkiew św. Jakuba w Powroźniku] Powroźnik
20%
2013 Drewniane cerkwie regionu karpackiego (+ Ukraina) [Cerkiew św. Paraskewy w Radrużu] Radruż
20%
2013 Drewniane cerkwie regionu karpackiego (+ Ukraina) [Cerkiew Opieki Matki Bożej w Owczarach] Owczary
19%
2013 Drewniane cerkwie regionu karpackiego (+ Ukraina) [Cerkiew św. Michała Archanioła w Smolniku] Smolnik
19%
2013 Drewniane cerkwie regionu karpackiego (+ Ukraina) [Cerkiew św. Michała Archanioła w Brunarach] Brunary
16%
2013 Drewniane cerkwie regionu karpackiego (+ Ukraina) [Cerkiew św. Michała Archanioła w Turzańsku] Turzańsk
16%
Nie znaleziono quizów pasujących do podanych kryteriów
Rozkład punktacji
Procent ludzi z każdym wynikiem
Percentyl według liczby udzielonych odpowiedzi
Twoja historia wyników
Nie rozwiązałeś tego quizu